Petrochemical Process Technology (Record no. 3614)

MARC details
000 -LEADER
fixed length control field 00394nam a22001457a 4500
008 - FIXED-LENGTH DATA ELEMENTS--GENERAL INFORMATION
fixed length control field 250522b |||||||| |||| 00| 0 eng d
020 ## - INTERNATIONAL STANDARD BOOK NUMBER
ISBN 9781403931979
100 ## - MAIN ENTRY--AUTHOR
Author Mall I.D
245 ## - TITLE STATEMENT
Title Petrochemical Process Technology
260 ## - PUBLICATION, DISTRIBUTION, ETC. (IMPRINT)
Place of publication New Delhi
Name of publisher Macmillan India Ltd
Date of publication 2007
300 ## - COLLATION
Pagination xx, 586p.
Other physical details illustration;
650 ## - TRACINGS
Main Subject Petroleum Chemicals
942 ## - ADDED ENTRY ELEMENTS (KOHA)
Item type Books
050 ## - LIBRARY OF CONGRESS CALL NUMBER
Classification number TP692.3
Item number .M35 2007
Holdings
Source of classification or shelving scheme Not for loan Permanent location Current location Date acquired Accession No. Full call number Barcode. Koha item type
Library of Congress Classification   Samuel Ogbemudia Main Library, University of Abuja Samuel Ogbemudia Main Library, University of Abuja 05/22/2025 2024/63216 TP692.3.M35 2007 2025-2087 Books